<?xml version="1.0" encoding="UTF-8"?>
<record
    xmlns:xsi="http://www.w3.org/2001/XMLSchema-instance"
    xsi:schemaLocation="http://www.loc.gov/MARC21/slim http://www.loc.gov/standards/marcxml/schema/MARC21slim.xsd"
    xmlns="http://www.loc.gov/MARC21/slim">

  <leader>01960nem0a2200337   4500</leader>
  <controlfield tag="001">RU\NLR\cart\6677</controlfield>
  <controlfield tag="005">20260405124550.0</controlfield>
  <datafield tag="035" ind1=" " ind2=" ">
    <subfield code="a">(NLR Aleph) 004276782</subfield>
  </datafield>
  <datafield tag="090" ind1=" " ind2=" ">
    <subfield code="a">2321534</subfield>
    <subfield code="c">2321534</subfield>
  </datafield>
  <datafield tag="100" ind1=" " ind2=" ">
    <subfield code="a">20110906d1841    |||y0rusy50      ca</subfield>
  </datafield>
  <datafield tag="101" ind1="0" ind2=" ">
    <subfield code="a">rus</subfield>
  </datafield>
  <datafield tag="102" ind1=" " ind2=" ">
    <subfield code="a">RU</subfield>
  </datafield>
  <datafield tag="120" ind1=" " ind2=" ">
    <subfield code="a">ayy xx||</subfield>
  </datafield>
  <datafield tag="123" ind1="0" ind2=" ">
    <subfield code="a">a</subfield>
    <subfield code="b">3000000</subfield>
  </datafield>
  <datafield tag="200" ind1="1" ind2=" ">
    <subfield code="a">&#x41C;&#x435;&#x440;&#x43A;&#x430;&#x442;&#x43E;&#x440;&#x441;&#x43A;&#x430;&#x44F; &#x43A;&#x430;&#x440;&#x442;&#x430; &#x447;&#x430;&#x441;&#x442;&#x438; &#x441;&#x435;&#x432;&#x435;&#x440;&#x43D;&#x430;&#x433;&#x43E; &#x431;&#x435;&#x440;&#x435;&#x433;&#x430; &#x421;&#x438;&#x431;&#x438;&#x440;&#x438;</subfield>
    <subfield code="b">&#x41A;&#x430;&#x440;&#x442;&#x44B;</subfield>
    <subfield code="e">&#x43A; &#x43F;&#x443;&#x442;&#x435;&#x448;&#x435;&#x441;&#x442;&#x432;&#x438;&#x44E; &#x43B;&#x435;&#x439;&#x442;&#x435;&#x43D;&#x430;&#x43D;&#x442;&#x430; &#x412;&#x440;&#x430;&#x43D;&#x433;&#x435;&#x43B;&#x44F; &#x432; 1820, 21, 22 &#x438; 23 &#x433;&#x43E;&#x434;&#x430;&#x445;</subfield>
  </datafield>
  <datafield tag="206" ind1=" " ind2=" ">
    <subfield code="a">[&#x43E;&#x43A;. 1:3 000 000, 30 &#x43A;&#x43C; &#x432; 1 &#x441;&#x43C;]</subfield>
  </datafield>
  <datafield tag="210" ind1=" " ind2=" ">
    <subfield code="a">[&#x421;&#x430;&#x43D;&#x43A;&#x442;-&#x41F;&#x435;&#x442;&#x435;&#x440;&#x431;&#x443;&#x440;&#x433;</subfield>
    <subfield code="d">1841]</subfield>
  </datafield>
  <datafield tag="215" ind1=" " ind2=" ">
    <subfield code="a">1 &#x43A;</subfield>
    <subfield code="c">1 &#x446;&#x432;.</subfield>
    <subfield code="d">29&#x445;45 &#x441;&#x43C;</subfield>
  </datafield>
  <datafield tag="300" ind1=" " ind2=" ">
    <subfield code="a">&#x418;&#x437; &#x438;&#x437;&#x434;.: [&#x420;&#x438;&#x441;&#x443;&#x43D;&#x43A;&#x438; &#x438; &#x43A;&#x430;&#x440;&#x442;&#x44B; &#x43A; &#x43F;&#x443;&#x442;&#x435;&#x448;&#x435;&#x441;&#x442;&#x432;&#x438;&#x44E; &#x43F;&#x43E; &#x441;&#x435;&#x432;&#x435;&#x440;&#x43D;&#x44B;&#x43C; &#x431;&#x435;&#x440;&#x435;&#x433;&#x430;&#x43C; &#x421;&#x438;&#x431;&#x438;&#x440;&#x438; &#x438; &#x43F;&#x43E; &#x41B;&#x435;&#x434;&#x43E;&#x432;&#x438;&#x442;&#x43E;&#x43C;&#x443; &#x43C;&#x43E;&#x440;&#x44E;, &#x441;&#x43E;&#x432;&#x435;&#x440;&#x448;&#x435;&#x43D;&#x43D;&#x43E;&#x43C;&#x443; &#x432; 1820, 1821, 1822, 1823 &#x438; 1824 &#x433;&#x433;. &#x43F;&#x43E;&#x434; &#x43D;&#x430;&#x447;&#x430;&#x43B;&#x44C;&#x441;&#x442;&#x432;&#x43E;&#x43C; &#x444;&#x43B;&#x43E;&#x442;&#x430; &#x43B;&#x435;&#x439;&#x442;&#x435;&#x43D;&#x430;&#x43D;&#x442;&#x430; &#x424;. &#x41F;. &#x412;&#x440;&#x430;&#x43D;&#x433;&#x435;&#x43B;&#x44F;. - &#x421;&#x430;&#x43D;&#x43A;&#x442;-&#x41F;&#x435;&#x442;&#x435;&#x440;&#x431;&#x443;&#x440;&#x433;, 1841]</subfield>
  </datafield>
  <datafield tag="509" ind1="0" ind2="1">
    <subfield code="7">ca</subfield>
    <subfield code="a">&#x421;&#x438;&#x431;&#x438;&#x440;&#x44C; &#x412;&#x43E;&#x441;&#x442;&#x43E;&#x447;&#x43D;&#x430;&#x44F;</subfield>
    <subfield code="9">2634796</subfield>
    <subfield code="3">RU\NLR\auth_crt\551627</subfield>
  </datafield>
  <datafield tag="518" ind1="1" ind2=" ">
    <subfield code="a">&#x41C;&#x435;&#x440;&#x43A;&#x430;&#x442;&#x43E;&#x440;&#x441;&#x43A;&#x430;&#x44F; &#x43A;&#x430;&#x440;&#x442;&#x430; &#x447;&#x430;&#x441;&#x442;&#x438; &#x441;&#x435;&#x432;&#x435;&#x440;&#x43D;&#x43E;&#x433;&#x43E; &#x431;&#x435;&#x440;&#x435;&#x433;&#x430; &#x421;&#x438;&#x431;&#x438;&#x440;&#x438;</subfield>
  </datafield>
  <datafield tag="606" ind1="1" ind2=" ">
    <subfield code="a">&#x41F;&#x443;&#x442;&#x435;&#x448;&#x435;&#x441;&#x442;&#x432;&#x438;&#x44F; &#x440;&#x443;&#x441;&#x441;&#x43A;&#x438;&#x435;</subfield>
    <subfield code="j">&#x41A;&#x430;&#x440;&#x442;&#x44B;</subfield>
    <subfield code="z">19 &#x432;.</subfield>
    <subfield code="9">2268349</subfield>
    <subfield code="3">RU\NLR\AUTH\661359693</subfield>
  </datafield>
  <datafield tag="607" ind1=" " ind2=" ">
    <subfield code="a">&#x412;&#x43E;&#x441;&#x442;&#x43E;&#x447;&#x43D;&#x43E;-&#x421;&#x438;&#x431;&#x438;&#x440;&#x441;&#x43A;&#x43E;&#x435; &#x43C;&#x43E;&#x440;&#x435;</subfield>
    <subfield code="x">&#x41B;&#x435;&#x434;&#x43E;&#x432;&#x44B;&#x439; &#x440;&#x435;&#x436;&#x438;&#x43C;</subfield>
    <subfield code="9">2475529</subfield>
    <subfield code="3">RU\NLR\AUTH\6601686760</subfield>
  </datafield>
  <datafield tag="608" ind1=" " ind2=" ">
    <subfield code="a">&#x413;&#x43B;&#x44F;&#x446;&#x438;&#x43E;&#x43B;&#x43E;&#x433;&#x438;&#x447;&#x435;&#x441;&#x43A;&#x438;&#x435; &#x43A;&#x430;&#x440;&#x442;&#x44B;</subfield>
    <subfield code="9">1444835</subfield>
    <subfield code="3">RU\NLR\AUTH\66301380</subfield>
  </datafield>
  <datafield tag="608" ind1=" " ind2=" ">
    <subfield code="a">&#x41E;&#x431;&#x449;&#x435;&#x433;&#x435;&#x43E;&#x433;&#x440;&#x430;&#x444;&#x438;&#x447;&#x435;&#x441;&#x43A;&#x438;&#x435; &#x43A;&#x430;&#x440;&#x442;&#x44B; &#x43C;&#x435;&#x43B;&#x43A;&#x43E;&#x43C;&#x430;&#x441;&#x448;&#x442;&#x430;&#x431;&#x43D;&#x44B;&#x435;</subfield>
    <subfield code="9">2622600</subfield>
    <subfield code="3">RU\NLR\AUTH\661559160</subfield>
  </datafield>
  <datafield tag="702" ind1=" " ind2="1">
    <subfield code="4">060</subfield>
    <subfield code="8">rus</subfield>
    <subfield code="7">ca</subfield>
    <subfield code="a">&#x412;&#x440;&#x430;&#x43D;&#x433;&#x435;&#x43B;&#x44C;</subfield>
    <subfield code="b">&#x424;. &#x41F;.</subfield>
    <subfield code="f">1796-1870</subfield>
    <subfield code="g">&#x424;&#x435;&#x440;&#x434;&#x438;&#x43D;&#x430;&#x43D;&#x434; &#x41F;&#x435;&#x442;&#x440;&#x43E;&#x432;&#x438;&#x447;</subfield>
    <subfield code="3">RU\NLR\AUTH\7750003</subfield>
    <subfield code="9">32938</subfield>
  </datafield>
  <datafield tag="801" ind1=" " ind2="0">
    <subfield code="a">RU</subfield>
    <subfield code="b">NLR</subfield>
    <subfield code="c">20110906</subfield>
    <subfield code="g">PSBO</subfield>
  </datafield>
  <datafield tag="852" ind1=" " ind2=" ">
    <subfield code="a">NLR</subfield>
    <subfield code="b">&#x41A;</subfield>
    <subfield code="j">2-&#x412;&#x421;&#x438;&#x431; 2/28</subfield>
    <subfield code="m">14036</subfield>
  </datafield>
  <datafield tag="942" ind1=" " ind2=" ">
    <subfield code="c">MAP</subfield>
  </datafield>
  <datafield tag="980" ind1=" " ind2=" ">
    <subfield code="a">NB</subfield>
  </datafield>
  <datafield tag="995" ind1=" " ind2=" ">
    <subfield code="5">2013-10-26</subfield>
    <subfield code="b">NLR02</subfield>
    <subfield code="c">NLR02</subfield>
    <subfield code="e">MAP</subfield>
    <subfield code="f">4276782-10</subfield>
    <subfield code="k">&#x41A; 2-&#x412;&#x421;&#x438;&#x431; 2/28</subfield>
    <subfield code="o">0</subfield>
    <subfield code="r">BOOK</subfield>
    <subfield code="s">_2228</subfield>
  </datafield>
</record>
